Waste management (Record no. 52652)

MARC details
000 -LEADER
fixed length control field 00545nam a2200169Ia 4500
100 ## - MAIN ENTRY--AUTHOR NAME
Personal name Mathew J.
245 #0 - TITLE STATEMENT
Title Waste management
260 ## - PUBLICATION, DISTRIBUTION, ETC. (IMPRINT)
Name of publisher In: Natural rubber: Agromanagement and crop processing. (Eds. P.J. George and C. Kuruvilla Jacob). Rubber Research Institute of India, Kottayam, India, pp. 479-492.
Year of publication 2000
650 ## - SUBJECT ADDED ENTRY--TOPICAL TERM
Topical Term Biogas
650 ## - SUBJECT ADDED ENTRY--TOPICAL TERM
Topical Term Effluent treatment
650 ## - SUBJECT ADDED ENTRY--TOPICAL TERM
Topical Term Solid waste
700 ## - ADDED ENTRY--PERSONAL NAME
Personal name George E.S.
700 ## - ADDED ENTRY--PERSONAL NAME
Personal name Joseph K.[a]
700 ## - ADDED ENTRY--PERSONAL NAME
Personal name Kumaran M.G.
942 ## - ADDED ENTRY ELEMENTS (KOHA)
Koha item type Bibliography STAF
Holdings
Withdrawn status Lost status Damaged status Not for loan Home library Current library Date acquired Koha item type
      Bibliography RRII Library RRII Library 09/04/2014 Bibliography STAF